000 00571nam a22002177a 4500
003 UA-OsUOA
001 81860
007 ta
008 20120209b un ||||| |||| 00| 0 ukr d
100 _aКузнецов К.А.
090 _a101
_bК89
942 _cSA
040 _aUA-OsUOA
_brus
_cUA-OsUOA
_dUA-OsUOA
245 _aФилософский метод Гегеля
300 _aС.31-38
955 _a0
041 _arus
080 _a101
773 0 _w81857
_tФилософские науки
_dМ.
_d2011
_g11
650 7 _a1 Філософські науки
_2UDC
999 _c368173
_d368173